La Policia local a Catalunya : 1981 1981
Publicado:
Barcelona :
Generalitat de Catalunya, Departament de Governació, Direcció General de Seguretat Ciutadana ,
1981
Descripción Física:
6,5 (43) f. ; 21 cm
Otros Autores:
Catalunya. Direcció General de Seguretat Ciutadana
Materias:
Policia municipal -- Catalunya
MARC
| LEADER | 00000nam a2200000Ia 4500 | ||
|---|---|---|---|
| 001 | 591 | ||
| 008 | 160829s1981 xx 000 0 cat d | ||
| 080 | |a FU-4-5 | ||
| 245 | |a La Policia local a Catalunya : |b 1981 | ||
| 260 | |a Barcelona : |b Generalitat de Catalunya, Departament de Governació, Direcció General de Seguretat Ciutadana, |c 1981 | ||
| 300 | |a 6,5 (43) f. ; |c 21 cm | ||
| 650 | |a Policia municipal |x Catalunya |9 22039 | ||
| 700 | |a Catalunya. Direcció General de Seguretat Ciutadana |9 22033 | ||
| 901 | |a Arxiu | ||
| 942 | |n 1 | ||
| 952 | |0 0 |1 0 |4 0 |6 FU45 |7 1 |9 42020 |a Arxiu |b Arxiu |d 2016-12-01 |l 0 |o FU-4-5 |p 591 |r 2016-12-01 00:00:00 |w 2016-12-01 |y ARXIU | ||
| 999 | |c 44467 |d 44467 | ||